| 000 | 00797nam a22002297a 4500 | ||
|---|---|---|---|
| 005 | 20170123162352.0 | ||
| 010 | _aA-318630 | ||
| 020 | _c23.00 | ||
| 035 | _aA-318630 | ||
| 037 | _bCen Lib/Ret | ||
| 040 |
_aDPL _bUR |
||
| 082 |
_a840.8 _bس ج ا |
||
| 245 |
_a/ انتخاب سجاد حیدر یلررم _cمتربه ثریّا حسین |
||
| 246 |
_aIntkhab Sajjad Hedar-ylrram _bedited by Surayya Husain |
||
| 260 |
_aلکھنوو _bاترپردیش اردو اکادمی |
||
| 270 |
_a٢٦٥٢/٥٥, پہلی منزل, کچہ چلن, دریا گنج _bلکھنوو |
||
| 300 |
_a618p. _c22cm(Hb) |
||
| 650 |
_aاردو ادب _x _z _9137319 |
||
| 650 |
_aUrdu adab _9137320 |
||
| 700 |
_aحسین، ثریّا _9137321 |
||
| 942 |
_2ddc _cUR _h840.8 _kس ج ا |
||
| 999 |
_c109319 _d109319 |
||